banner-ar

ولم يقل كلمة : (Record no. 7998)

MARC details
000 -الفاتح
حقل البيانات ثابتة الطول 00757nam a2200229Ia 4500
008 - عناصر البيانات ثابتة الطول - معلومات عامة
حقل البيانات ثابتة الطول 140319s9999 xx 000 0 ara d
020 ## - الرقم الدولى المعيارى للكتب
الرقم الدولى المعيارى للكتاب 2360270977
040 ## - مصدر الفهرسة
وكالة الفهرسة الأصلية GCL /
وكالة النسخ GCL
082 04 - رقم تصنيف ديوى العشرى
رقم التصنيف 823.03
رقم المادة ب و
100 1# - المدخل الرئيسى - إسم شخصى
الإسم الشخصى محمد حجى
245 10 - بيان العنوان
العنوان ولم يقل كلمة :
بقية العنوان AND NEVER SAIDA WORD /
بيان المسئوليه,etc محمد حجى
700 1# - المدخل الاضافى - اسم شخصى
الإسم الشخصى ياسين طه حافظ
700 1# - المدخل الاضافى - اسم شخصى
الإسم الشخصى بل ، هاينرش
250 ## - بيان الطبعة
بيان الطبعة الاولى
260 ## - PUBLICATION, DISTRIBUTION, ETC. (IMPRINT)
تاريخ النشر أو التوزيع 1998
300 ## - الوصف المادى
التعداد 222 ص ؛
أبعاد الوعاء 22 سم
490 ## - بيان السلسلة
عنوان السلسلة رويات جائزة نوبل
رقم المجلد/ التعيين التسلسلي 12
650 04 - المدخل الاضافى بالموضوع-مصطلح موضوعى
مصطلح موضوعي القصص الانجليزية المترجمة
650 04 - المدخل الاضافى بالموضوع-مصطلح موضوعى
مصطلح موضوعي الادب الانجليزى المترجم
942 ## - عناصر المدخل الإضافي( كوها)
مصدر التصنيف او مخطط الترفيف Dewey Decimal Classification
Koha [default] item type كتاب
260 ## - PUBLICATION, DISTRIBUTION, ETC. (IMPRINT)
-- القاهرة :
-- الدار المصرية اللبنانية ،
Holdings
حالة التراجع حالة الفقد حالة تلف ليس للاعارة المكان المؤقت الموقع الحالى تاريخ الاكتساب اجمالي اﻻعارات رقم الطلب الباركود تاريخ اخر مشاهدة تاريخ تفعيل السعر نوع وعاء كوها
        مكتبة القاهرة الكبرى مكتبة القاهرة الكبرى 03/26/2014   823.03\ب و 16546 03/26/2014 03/26/2014 كتاب
        مكتبة القاهرة الكبرى مكتبة القاهرة الكبرى 03/26/2014   823.03\ب و 16547 03/26/2014 03/26/2014 كتاب

Powered By

EGPV